00439nam a22001457a 4500003000400000008004100004020001800045082001200063100002200075245004800097250004600145260004500191300002500236650003200261OSt200320b ||||| |||| 00| 0 eng d a9780870553745 a579 REP aReed, Gerald (ed) aPrescott and Dunn's Industrial Microbiology a4th, 2004 (Subsequent Edition April 1981) aNew DelhibCBS Publishers & Distributors aHardcover: 883 Pages aPharmaceutical Microbiology